00718nam a2200169Ia 4500008004000000020001800040082001500058100002200073245009700095260006300192300001400255650004700269690002200316906001100338999001900349952018000368210210b2003 xxu||||| |||| 00| 0 eng d a0 07 058800 7 a351.3 TATT aTATA McGRAW-HILL. aTata McGraw-Hill's general studies manual 2005 (UPSC civil service preliminary examination). aNew Delhi.bTata McGraw-Hill Publishing Company Ltd.c2003 axxxix,K85 aGeneral Studies Manual UPSC Civil Services aGeneral Knowledge a059883 c107125d107125 001040708Political ScienceaALbALcPolitical Scienced2021-02-17eHigginbothams (P) Ltd., Mangalore 01.g695.00l0o351.3 TATTp059883r2021-02-17 00:00:00w2021-02-17yBK